000 01077nas a2200253 454500
001 28863
005 20260407193507.0
008 260407s2007####ag###########|||spa#d
003 AR-UNSa-BCEJYS
040 _aAR-UNSa-BCEJYS
_bspa
_cAR-UNSa-BCEJYS
080 _a378.245
_xTítulos basados en tesis. Tesis doctorales (Posgrados)
245 1 0 _aColección de Tesis Doctorales de la Facultad de Ciencias Económicas (UBA)
022 _a1851-9512
264 1 _aBuenos Aires :
_bSecretaría de Investigación y Doctorado
_c2007
041 _aspa
942 _cSER
590 _aniveau_biblio:s niveau_hierar:1
100 1 _aUniversidad de Buenos Aires. Facultad de Ciencias Económicas. Secretaría de Investigación y Doctorado
650 _aInvestigación
650 _aTesis
650 _aInvestigación económica
650 _aINVESTIGACION CIENTIFICA
856 4 1 _uhttps://biblioeco.unsa.edu.ar/pmb/images/revistas/Universidad de Buenos Aires Facultad de Ciencias Economicas tesis(Influencia de las caracteristicas de personalidad)-r13935.jpg
_yImagen de portada
_qimage/jpeg
999 _c8660
_d8660